000 00463nam a2200193Ia 4500
003 GCL
008 140319s9999 xx 000 0 eng d
040 _aGCL /
_cGCL
082 0 4 _a891.7
_bG F
100 1 _aGORKY, MAXIM
245 1 0 _aFIVE PLAYS /
_cGORKY, MAXIM
260 _a[S.N] :
_bPROGRESS PUBLISHERS
300 _a445 P
650 0 4 _aLITERATURE
650 0 4 _aFICTION
650 0 4 _aRUSSIAN LITERATURE
650 0 4 _aRUSSIA - FICTION
942 _2ddc
_cBK
999 _c14148
_d14148